[Event "56th Hull Congress"]
[Site "Hull"]
[Date "2019.11.01"]
[Round "1"]
[Board "1"]
[White "Cooper, John G"]
[Black "Gormally, Daniel W"]
[Result "0-1"]
[WhiteElo "2083"]
[BlackElo "2491"]
[PlyCount "0"]
[EventDate "2019.11.01"]
[EventRounds "5"]
[EventCountry "ENG"]

1. e4 {[%clk 01:29:29]} {[%emt 00:01:31]} c5 {[%clk 01:30:54]} {[%emt
00:00:08]} 2. Nf3 {[%clk 01:29:51]} {[%emt 00:00:09]} d6 {[%clk 01:31:17]}
{[%emt 00:00:04]} 3. Bb5+ {[%clk 01:30:09]} {[%emt 00:00:13]} Nd7 {[%clk
01:31:40]} {[%emt 00:00:08]} 4. c3 {[%clk 01:30:20]} {[%emt 00:00:19]} Ngf6
{[%clk 01:30:39]} {[%emt 00:01:29]} 5. Qe2 {[%clk 01:30:36]} {[%emt 00:00:16]}
a6 {[%clk 01:25:55]} {[%emt 00:05:14]} 6. Ba4 {[%clk 01:30:32]} {[%emt
00:00:33]} b5 {[%clk 01:25:15]} {[%emt 00:01:10]} 7. Bc2 {[%clk 01:29:18]}
{[%emt 00:01:44]} Bb7 {[%clk 01:23:33]} {[%emt 00:02:13]} 8. a4 {[%clk
01:19:33]} {[%emt 00:10:15]} b4 {[%clk 01:23:57]} {[%emt 00:00:06]} 9. a5
{[%clk 01:15:41]} {[%emt 00:04:22]} e6 {[%clk 01:23:00]} {[%emt 00:01:27]} 10.
O-O {[%clk 01:11:34]} {[%emt 00:04:36]} Be7 {[%clk 01:21:46]} {[%emt 00:01:44]}
11. cxb4 {[%clk 01:10:42]} {[%emt 00:01:22]} cxb4 {[%clk 01:22:08]} {[%emt
00:00:08]} 12. d4 {[%clk 01:10:41]} {[%emt 00:00:32]} O-O {[%clk 01:20:44]}
{[%emt 00:01:53]} 13. Nbd2 {[%clk 01:06:49]} {[%emt 00:04:20]} Re8 {[%clk
01:20:35]} {[%emt 00:00:40]} 14. Nb3 {[%clk 01:05:00]} {[%emt 00:02:18]} Nf8
{[%clk 01:18:49]} {[%emt 00:02:16]} 15. Bd2 {[%clk 00:57:27]} {[%emt 00:08:03]}
d5 {[%clk 01:18:50]} {[%emt 00:00:29]} 16. e5 {[%clk 00:57:41]} {[%emt
00:00:16]} Ne4 {[%clk 01:19:16]} {[%emt 00:00:06]} 17. Be3 {[%clk 00:57:40]}
{[%emt 00:00:30]} f6 {[%clk 01:11:08]} {[%emt 00:08:39]} 18. Ne1 {[%clk
00:53:21]} {[%emt 00:04:49]} fxe5 {[%clk 01:05:40]} {[%emt 00:05:57]} 19. dxe5
{[%clk 00:52:25]} {[%emt 00:01:26]} Nd7 {[%clk 01:01:33]} {[%emt 00:04:37]} 20.
f3 {[%clk 00:48:03]} {[%emt 00:04:52]} Nec5 {[%clk 01:01:51]} {[%emt 00:00:12]}
21. Nxc5 {[%clk 00:47:21]} {[%emt 00:01:12]} Nxc5 {[%clk 01:00:26]} {[%emt
00:01:54]} 22. Kh1 {[%clk 00:43:29]} {[%emt 00:04:22]} d4 {[%clk 00:51:57]}
{[%emt 00:08:59]} 23. Rd1 {[%clk 00:42:37]} {[%emt 00:01:23]} Qxa5 {[%clk
00:52:22]} {[%emt 00:00:05]} 24. Rxd4 {[%clk 00:39:08]} {[%emt 00:03:59]} Red8
{[%clk 00:49:55]} {[%emt 00:02:58]} 25. Rg4 {[%clk 00:38:22]} {[%emt 00:01:16]}
b3 {[%clk 00:49:08]} {[%emt 00:01:17]} 26. Bb1 {[%clk 00:32:07]} {[%emt
00:06:45]} Qb5 {[%clk 00:49:33]} {[%emt 00:00:06]} 27. Qf2 {[%clk 00:17:55]}
{[%emt 00:14:40]} Rd1 {[%clk 00:49:55]} {[%emt 00:00:08]} 28. Be4 {[%clk
00:18:05]} {[%emt 00:00:20]} Nxe4 {[%clk 00:45:02]} {[%emt 00:05:23]} 29. fxe4
{[%clk 00:18:27]} {[%emt 00:00:08]} Rf8 {[%clk 00:45:23]} {[%emt 00:00:11]} 30.
Rf4 {[%clk 00:18:38]} {[%emt 00:00:19]} Rxf4 {[%clk 00:45:17]} {[%emt
00:00:35]} 31. Qxf4 {[%clk 00:18:42]} {[%emt 00:00:27]} h6 {[%clk 00:33:34]}
{[%emt 00:12:12]} 32. Kg1 {[%clk 00:16:08]} {[%emt 00:03:04]} Bc5 {[%clk
00:28:33]} {[%emt 00:05:31]} 33. Qf2 {[%clk 00:14:28]} {[%emt 00:02:11]} Bxe3
{[%clk 00:27:23]} {[%emt 00:01:40]} 34. Qxe3 {[%clk 00:14:51]} {[%emt
00:00:06]} Qc4 {[%clk 00:24:13]} {[%emt 00:03:40]} 35. Qf3 {[%clk 00:14:25]}
{[%emt 00:00:56]} Qd4+ {[%clk 00:24:36]} {[%emt 00:00:08]} 36. Qf2 {[%clk
00:11:13]} {[%emt 00:03:42]} Qxf2+ {[%clk 00:23:59]} {[%emt 00:01:07]} 37. Kxf2
{[%clk 00:11:38]} {[%emt 00:00:04]} Bxe4 {[%clk 00:24:14]} {[%emt 00:00:16]} 38.
Ke2 {[%clk 00:11:26]} {[%emt 00:00:42]} Rb1 {[%clk 00:24:26]} {[%emt 00:00:17]}
39. Rf4 {[%clk 00:10:36]} {[%emt 00:01:21]} Rxb2+ {[%clk 00:24:51]} {[%emt
00:00:05]} 40. Ke3 {[%clk 00:10:11]} {[%emt 00:00:55]} Bg6 {[%clk 00:21:23]}
{[%emt 00:03:58]} 41. Rb4 {[%clk 00:07:30]} {[%emt 00:03:10]} a5 {[%clk
00:21:42]} {[%emt 00:00:11]} 42. Rb8+ {[%clk 00:07:53]} {[%emt 00:00:07]} Kh7
{[%clk 00:22:07]} {[%emt 00:00:05]} 43. Nf3 {[%clk 00:08:10]} {[%emt 00:00:13]}
a4 {[%clk 00:20:04]} {[%emt 00:02:35]} 44. Nd4 {[%clk 00:08:28]} {[%emt
00:00:11]} Bf7 {[%clk 00:19:33]} {[%emt 00:01:01]} 45. Rb4 {[%clk 00:06:59]}
{[%emt 00:01:59]} Rxg2 {[%clk 00:19:32]} {[%emt 00:00:31]} 46. Rxa4 {[%clk
00:07:23]} {[%emt 00:00:07]} b2 {[%clk 00:19:47]} {[%emt 00:00:13]} 47. Rb4
{[%clk 00:07:46]} {[%emt 00:00:07]} Bg6 {[%clk 00:20:08]} {[%emt 00:00:10]}  0-1

[Event "56th Hull Congress"]
[Site "Hull"]
[Date "2019.11.01"]
[Round "1"]
[Board "2"]
[White "Hebden, Mark L"]
[Black "Burnett, Jim"]
[Result "1-0"]
[WhiteElo "2427"]
[BlackElo "2037"]
[PlyCount "0"]
[EventDate "2019.11.01"]
[EventRounds "5"]
[EventCountry "ENG"]

1. d4 {[%clk 01:30:46]} {[%emt 00:00:13]} d5 {[%clk 01:30:56]} {[%emt
00:00:06]} 2. Nf3 {[%clk 01:29:55]} {[%emt 00:01:19]} e6 {[%clk 01:31:16]}
{[%emt 00:00:10]} 3. c4 {[%clk 01:30:08]} {[%emt 00:00:17]} Nf6 {[%clk
01:31:32]} {[%emt 00:00:15]} 4. Bg5 {[%clk 01:30:08]} {[%emt 00:00:29]} Be7
{[%clk 01:31:56]} {[%emt 00:00:07]} 5. Nc3 {[%clk 01:30:02]} {[%emt 00:00:35]}
h6 {[%clk 01:32:17]} {[%emt 00:00:10]} 6. Bh4 {[%clk 01:30:06]} {[%emt
00:00:26]} O-O {[%clk 01:32:37]} {[%emt 00:00:09]} 7. e3 {[%clk 01:30:22]}
{[%emt 00:00:15]} b6 {[%clk 01:32:54]} {[%emt 00:00:13]} 8. Bd3 {[%clk
01:30:35]} {[%emt 00:00:16]} Nbd7 {[%clk 01:32:51]} {[%emt 00:00:32]} 9. O-O
{[%clk 01:27:51]} {[%emt 00:03:14]} Bb7 {[%clk 01:31:09]} {[%emt 00:02:13]} 10.
Bg3 {[%clk 01:27:56]} {[%emt 00:00:25]} c5 {[%clk 01:25:15]} {[%emt 00:06:24]}
11. Qe2 {[%clk 01:27:40]} {[%emt 00:00:47]} Ne4 {[%clk 01:22:50]} {[%emt
00:02:54]} 12. Rac1 {[%clk 01:26:57]} {[%emt 00:01:12]} cxd4 {[%clk 01:19:53]}
{[%emt 00:03:27]} 13. exd4 {[%clk 01:27:05]} {[%emt 00:00:22]} Nxg3 {[%clk
01:15:25]} {[%emt 00:04:59]} 14. hxg3 {[%clk 01:27:10]} {[%emt 00:00:25]} dxc4
{[%clk 01:07:26]} {[%emt 00:08:29]} 15. Bxc4 {[%clk 01:27:16]} {[%emt
00:00:23]} Nf6 {[%clk 01:01:57]} {[%emt 00:06:00]} 16. Rfd1 {[%clk 01:25:22]}
{[%emt 00:02:24]} Rc8 {[%clk 00:58:22]} {[%emt 00:04:05]} 17. Ne5 {[%clk
01:25:02]} {[%emt 00:00:49]} Nd5 {[%clk 00:58:02]} {[%emt 00:00:50]} 18. Bxd5
{[%clk 01:14:27]} {[%emt 00:11:05]} exd5 {[%clk 00:46:51]} {[%emt 00:11:41]} 19.
Nb5 {[%clk 01:12:10]} {[%emt 00:02:47]} a6 {[%clk 00:44:41]} {[%emt 00:02:39]}
20. Rxc8 {[%clk 01:10:23]} {[%emt 00:02:18]} Qxc8 {[%clk 00:43:35]} {[%emt
00:01:36]} 21. Nc3 {[%clk 01:10:30]} {[%emt 00:00:23]} Bd6 {[%clk 00:40:41]}
{[%emt 00:03:23]} 22. Qh5 {[%clk 01:10:07]} {[%emt 00:00:53]} Qd8 {[%clk
00:38:50]} {[%emt 00:02:20]} 23. Re1 {[%clk 01:09:41]} {[%emt 00:00:57]} Bc7
{[%clk 00:37:42]} {[%emt 00:01:38]} 24. Re3 {[%clk 01:07:33]} {[%emt 00:02:38]}
Qd6 {[%clk 00:34:24]} {[%emt 00:03:49]} 25. a3 {[%clk 01:05:43]} {[%emt
00:02:21]} Bd8 {[%clk 00:33:22]} {[%emt 00:01:30]} 26. Ne2 {[%clk 01:02:21]}
{[%emt 00:03:53]} Bf6 {[%clk 00:31:50]} {[%emt 00:02:01]} 27. Nf4 {[%clk
00:59:47]} {[%emt 00:03:04]} Bg5 {[%clk 00:28:16]} {[%emt 00:04:03]} 28. Rc3
{[%clk 00:58:11]} {[%emt 00:02:06]} a5 {[%clk 00:23:26]} {[%emt 00:05:21]} 29.
Qg4 {[%clk 00:55:48]} {[%emt 00:02:52]} Rd8 {[%clk 00:22:32]} {[%emt 00:01:23]}
30. Nh5 {[%clk 00:52:33]} {[%emt 00:03:46]} g6 {[%clk 00:18:57]} {[%emt
00:04:06]} 31. f4 {[%clk 00:51:29]} {[%emt 00:01:34]} Be7 {[%clk 00:17:26]}
{[%emt 00:02:00]} 32. f5 {[%clk 00:51:29]} {[%emt 00:00:30]} g5 {[%clk
00:16:45]} {[%emt 00:01:10]} 33. f6 {[%clk 00:51:04]} {[%emt 00:00:55]} Bf8
{[%clk 00:16:13]} {[%emt 00:01:01]} 34. Qf5 {[%clk 00:48:57]} {[%emt 00:02:38]}
Qe6 {[%clk 00:14:44]} {[%emt 00:02:00]} 35. Qxe6 {[%clk 00:49:00]} {[%emt
00:00:27]} fxe6 {[%clk 00:15:12]} {[%emt 00:00:02]} 36. Rc7 {[%clk 00:49:04]}
{[%emt 00:00:25]} Ba8 {[%clk 00:15:17]} {[%emt 00:00:25]} 37. Re7 {[%clk
00:44:43]} {[%emt 00:04:52]}  1-0

[Event "56th Hull Congress"]
[Site "Hull"]
[Date "2019.11.01"]
[Round "1"]
[Board "3"]
[White "Kilshaw, Joe"]
[Black "Sowray, Peter J"]
[Result "0-1"]
[WhiteElo "2029"]
[BlackElo "2361"]
[PlyCount "0"]
[EventDate "2019.11.01"]
[EventRounds "5"]
[EventCountry "ENG"]

1. d4 {[%clk 01:30:55]} {[%emt 00:00:08]} d5 {[%clk 01:30:53]} {[%emt
00:00:04]} 2. Bf4 {[%clk 01:30:49]} {[%emt 00:00:35]} Nf6 {[%clk 01:31:16]}
{[%emt 00:00:07]} 3. e3 {[%clk 01:31:11]} {[%emt 00:00:08]} e6 {[%clk
01:31:42]} {[%emt 00:00:05]} 4. Bd3 {[%clk 01:31:02]} {[%emt 00:00:41]} Bd6
{[%clk 01:31:11]} {[%emt 00:00:59]} 5. Bg3 {[%clk 01:30:48]} {[%emt 00:00:42]}
O-O {[%clk 01:30:56]} {[%emt 00:00:46]} 6. Nd2 {[%clk 01:30:49]} {[%emt
00:00:29]} b6 {[%clk 01:29:37]} {[%emt 00:01:50]} 7. Qe2 {[%clk 01:30:37]}
{[%emt 00:00:42]} c5 {[%clk 01:22:31]} {[%emt 00:07:35]} 8. c3 {[%clk
01:30:22]} {[%emt 00:00:45]} a5 {[%clk 01:16:35]} {[%emt 00:06:28]} 9. Ngf3
{[%clk 01:22:11]} {[%emt 00:08:39]} Ba6 {[%clk 01:16:45]} {[%emt 00:00:21]} 10.
Bxa6 {[%clk 01:17:20]} {[%emt 00:05:20]} Nxa6 {[%clk 01:16:11]} {[%emt
00:01:05]} 11. Bxd6 {[%clk 01:15:47]} {[%emt 00:02:03]} Qxd6 {[%clk 01:16:38]}
{[%emt 00:00:03]} 12. O-O {[%clk 01:15:31]} {[%emt 00:00:46]} Nb8 {[%clk
01:09:53]} {[%emt 00:07:16]} 13. e4 {[%clk 01:14:04]} {[%emt 00:01:57]} dxe4
{[%clk 01:08:15]} {[%emt 00:02:08]} 14. Nxe4 {[%clk 01:14:21]} {[%emt
00:00:12]} Nxe4 {[%clk 01:08:25]} {[%emt 00:00:20]} 15. Qxe4 {[%clk 01:14:39]}
{[%emt 00:00:12]} Nd7 {[%clk 01:08:46]} {[%emt 00:00:08]} 16. Rfd1 {[%clk
01:07:30]} {[%emt 00:07:39]} Rad8 {[%clk 01:02:56]} {[%emt 00:06:21]} 17. dxc5
{[%clk 01:01:42]} {[%emt 00:06:16]} Qxc5 {[%clk 01:03:21]} {[%emt 00:00:06]} 18.
Qd4 {[%clk 01:00:57]} {[%emt 00:01:14]} Qc7 {[%clk 00:50:01]} {[%emt 00:13:50]}
19. Qd6 {[%clk 00:59:52]} {[%emt 00:01:36]} Qb8 {[%clk 00:46:49]} {[%emt
00:03:43]} 20. Qxb8 {[%clk 00:57:16]} {[%emt 00:03:06]} Nxb8 {[%clk 00:47:17]}
{[%emt 00:00:03]} 21. Kf1 {[%clk 00:56:55]} {[%emt 00:00:50]} f6 {[%clk
00:46:08]} {[%emt 00:01:39]} 22. Nd4 {[%clk 00:47:38]} {[%emt 00:09:47]} Kf7
{[%clk 00:45:05]} {[%emt 00:01:32]} 23. Ke2 {[%clk 00:47:22]} {[%emt 00:00:46]}
Rd5 {[%clk 00:41:00]} {[%emt 00:04:34]} 24. a4 {[%clk 00:45:06]} {[%emt
00:02:46]} Rfd8 {[%clk 00:38:38]} {[%emt 00:02:52]} 25. Nb5 {[%clk 00:44:44]}
{[%emt 00:00:52]} Na6 {[%clk 00:37:47]} {[%emt 00:01:23]} 26. Rxd5 {[%clk
00:36:31]} {[%emt 00:08:42]} Rxd5 {[%clk 00:38:09]} {[%emt 00:00:07]} 27. Rd1
{[%clk 00:36:40]} {[%emt 00:00:20]} Nc5 {[%clk 00:29:51]} {[%emt 00:08:48]} 28.
Rxd5 {[%clk 00:32:41]} {[%emt 00:04:30]} exd5 {[%clk 00:30:20]} {[%emt
00:00:02]} 29. Nc7 {[%clk 00:31:26]} {[%emt 00:01:46]} Nxa4 {[%clk 00:30:10]}
{[%emt 00:00:40]} 30. Nxd5 {[%clk 00:30:55]} {[%emt 00:00:59]} Ke6 {[%clk
00:26:15]} {[%emt 00:04:25]} 31. Nf4+ {[%clk 00:31:03]} {[%emt 00:00:22]} Kd6
{[%clk 00:20:46]} {[%emt 00:05:58]} 32. Nd3 {[%clk 00:30:59]} {[%emt 00:00:34]}
b5 {[%clk 00:19:24]} {[%emt 00:01:52]} 33. f3 {[%clk 00:26:30]} {[%emt
00:04:59]} g5 {[%clk 00:18:54]} {[%emt 00:01:00]} 34. Kd2 {[%clk 00:26:25]}
{[%emt 00:00:35]} Nb6 {[%clk 00:17:45]} {[%emt 00:01:39]} 35. Ke3 {[%clk
00:14:07]} {[%emt 00:12:48]} Nc4+ {[%clk 00:16:17]} {[%emt 00:01:59]} 36. Kd4
{[%clk 00:12:39]} {[%emt 00:01:57]} a4 {[%clk 00:16:17]} {[%emt 00:00:32]} 37.
f4 {[%clk 00:09:30]} {[%emt 00:03:39]} Nxb2 {[%clk 00:15:52]} {[%emt 00:00:55]}
38. Nb4 {[%clk 00:07:33]} {[%emt 00:02:27]} a3 {[%clk 00:13:58]} {[%emt
00:02:24]} 39. fxg5 {[%clk 00:07:40]} {[%emt 00:00:24]} fxg5 {[%clk 00:14:25]}
{[%emt 00:00:01]} 40. g4 {[%clk 00:07:33]} {[%emt 00:00:37]} Nd1 {[%clk
00:13:14]} {[%emt 00:01:40]} 41. Nc2 {[%clk 00:03:32]} {[%emt 00:04:32]} a2
{[%clk 00:13:03]} {[%emt 00:00:40]} 42. c4 {[%clk 00:03:50]} {[%emt 00:00:12]}
bxc4 {[%clk 00:13:14]} {[%emt 00:00:20]} 43. Kxc4 {[%clk 00:04:04]} {[%emt
00:00:16]} Ne3+ {[%clk 00:13:09]} {[%emt 00:00:34]}  0-1

[Event "56th Hull Congress"]
[Site "Hull"]
[Date "2019.11.01"]
[Round "1"]
[Board "4"]
[White "Willow, Jonah B"]
[Black "Varney, Zoe"]
[Result "1-0"]
[WhiteElo "2352"]
[BlackElo "2009"]
[PlyCount "0"]
[EventDate "2019.11.01"]
[EventRounds "5"]
[EventCountry "ENG"]

1. e4 {[%clk 01:30:58]} e5 {[%clk 01:30:55]} {[%emt 00:00:08]} 2. Nf3 {[%clk
01:30:56]} {[%emt 00:00:30]} Nc6 {[%clk 01:31:20]} {[%emt 00:00:07]} 3. Nc3
{[%clk 01:30:57]} {[%emt 00:00:27]} Nf6 {[%clk 01:28:12]} {[%emt 00:03:38]} 4.
Bb5 {[%clk 01:31:19]} {[%emt 00:00:08]} d6 {[%clk 01:26:13]} {[%emt 00:02:29]}
5. d4 {[%clk 01:31:11]} {[%emt 00:00:38]} exd4 {[%clk 01:26:30]} {[%emt
00:00:13]} 6. Nxd4 {[%clk 01:31:36]} {[%emt 00:00:06]} Bd7 {[%clk 01:26:44]}
{[%emt 00:00:16]} 7. Nxc6 {[%clk 01:31:59]} {[%emt 00:00:07]} bxc6 {[%clk
01:26:09]} {[%emt 00:01:04]} 8. Bd3 {[%clk 01:32:25]} {[%emt 00:00:05]} Be7
{[%clk 01:11:49]} {[%emt 00:14:51]} 9. O-O {[%clk 01:32:50]} {[%emt 00:00:05]}
O-O {[%clk 01:11:36]} {[%emt 00:00:44]} 10. f4 {[%clk 01:33:17]} {[%emt
00:00:02]} Rb8 {[%clk 01:07:19]} {[%emt 00:04:47]} 11. Qf3 {[%clk 01:30:10]}
{[%emt 00:03:37]} d5 {[%clk 00:56:39]} {[%emt 00:11:09]} 12. e5 {[%clk
01:27:23]} {[%emt 00:03:17]} Bc5+ {[%clk 00:52:32]} {[%emt 00:04:39]} 13. Kh1
{[%clk 01:27:26]} {[%emt 00:00:26]} Ng4 {[%clk 00:52:06]} {[%emt 00:00:56]} 14.
Qg3 {[%clk 01:26:17]} {[%emt 00:01:40]} f6 {[%clk 00:47:40]} {[%emt 00:04:56]}
15. e6 {[%clk 01:22:25]} {[%emt 00:04:21]} Bxe6 {[%clk 00:44:15]} {[%emt
00:03:55]} 16. f5 {[%clk 01:22:43]} {[%emt 00:00:13]} Nf2+ {[%clk 00:42:58]}
{[%emt 00:01:47]} 17. Rxf2 {[%clk 01:23:07]} {[%emt 00:00:06]} Bxf2 {[%clk
00:43:23]} {[%emt 00:00:06]} 18. Qxf2 {[%clk 01:23:31]} {[%emt 00:00:05]} Bf7
{[%clk 00:41:07]} {[%emt 00:02:45]} 19. b3 {[%clk 01:23:01]} {[%emt 00:01:02]}
Qd6 {[%clk 00:39:07]} {[%emt 00:02:29]} 20. Bf4 {[%clk 01:19:35]} {[%emt
00:03:55]} Qb4 {[%clk 00:27:32]} {[%emt 00:12:06]} 21. Bd2 {[%clk 01:19:04]}
{[%emt 00:01:01]} Qb6 {[%clk 00:26:36]} {[%emt 00:01:25]} 22. Be3 {[%clk
01:18:07]} {[%emt 00:01:27]} Qa5 {[%clk 00:20:55]} {[%emt 00:06:12]} 23. Na4
{[%clk 01:18:12]} {[%emt 00:00:25]} d4 {[%clk 00:15:24]} {[%emt 00:06:01]} 24.
Bxd4 {[%clk 01:17:24]} {[%emt 00:01:18]} Ra8 {[%clk 00:14:59]} {[%emt
00:00:54]} 25. Nc5 {[%clk 01:09:06]} {[%emt 00:08:48]} Rfe8 {[%clk 00:12:45]}
{[%emt 00:02:44]} 26. a3 {[%clk 01:08:39]} {[%emt 00:00:58]} Qb6 {[%clk
00:10:08]} {[%emt 00:03:08]} 27. Qg3 {[%clk 01:04:49]} {[%emt 00:04:20]}  1-0

[Event "56th Hull Congress"]
[Site "Hull"]
[Date "2019.11.01"]
[Round "1"]
[Board "5"]
[White "Ackley, Peter Je"]
[Black "Wall, Tim P"]
[Result "1/2-1/2"]
[WhiteElo "2008"]
[BlackElo "2243"]
[PlyCount "0"]
[EventDate "2019.11.01"]
[EventRounds "5"]
[EventCountry "ENG"]

1. c4 {[%clk 01:30:59]} f5 {[%clk 01:29:46]} {[%emt 00:01:14]} 2. g3 {[%clk
01:31:22]} {[%emt 00:00:06]} Nf6 {[%clk 01:29:54]} {[%emt 00:00:22]} 3. Bg2
{[%clk 01:31:45]} {[%emt 00:00:07]} g6 {[%clk 01:28:02]} {[%emt 00:02:23]} 4.
Nc3 {[%clk 01:32:00]} {[%emt 00:00:15]} Bg7 {[%clk 01:28:17]} {[%emt 00:00:14]}
5. d3 {[%clk 01:32:22]} {[%emt 00:00:08]} d6 {[%clk 01:26:58]} {[%emt
00:01:50]} 6. e3 {[%clk 01:30:24]} {[%emt 00:02:27]} O-O {[%clk 01:24:43]}
{[%emt 00:02:45]} 7. Nge2 {[%clk 01:30:44]} {[%emt 00:00:10]} e5 {[%clk
01:24:07]} {[%emt 00:01:06]} 8. O-O {[%clk 01:30:10]} {[%emt 00:01:04]} a5
{[%clk 01:19:21]} {[%emt 00:05:16]} 9. a3 {[%clk 01:29:52]} {[%emt 00:00:48]}
c6 {[%clk 01:19:02]} {[%emt 00:00:50]} 10. Rb1 {[%clk 01:23:26]} {[%emt
00:06:56]} Na6 {[%clk 01:17:12]} {[%emt 00:02:20]} 11. b4 {[%clk 01:23:12]}
{[%emt 00:00:43]} axb4 {[%clk 01:17:27]} {[%emt 00:00:16]} 12. axb4 {[%clk
01:23:34]} {[%emt 00:00:08]} Nc7 {[%clk 01:16:36]} {[%emt 00:01:20]} 13. b5
{[%clk 01:21:58]} {[%emt 00:02:06]} Bd7 {[%clk 01:15:32]} {[%emt 00:01:34]} 14.
bxc6 {[%clk 01:20:56]} {[%emt 00:01:33]} bxc6 {[%clk 01:15:37]} {[%emt
00:00:25]} 15. Qb3 {[%clk 01:14:38]} {[%emt 00:06:48]} Ne6 {[%clk 01:12:24]}
{[%emt 00:03:43]} 16. f4 {[%clk 01:04:23]} {[%emt 00:10:45]} Nc5 {[%clk
01:07:25]} {[%emt 00:05:28]} 17. Qc2 {[%clk 01:04:11]} {[%emt 00:00:41]} Qe7
{[%clk 00:55:13]} {[%emt 00:12:44]} 18. d4 {[%clk 00:57:55]} {[%emt 00:06:46]}
exd4 {[%clk 00:53:39]} {[%emt 00:02:03]} 19. Nxd4 {[%clk 00:56:49]} {[%emt
00:01:35]} Nfe4 {[%clk 00:52:15]} {[%emt 00:01:55]} 20. Nxe4 {[%clk 00:49:23]}
{[%emt 00:07:58]} Nxe4 {[%clk 00:50:59]} {[%emt 00:01:45]} 21. Rb6 {[%clk
00:44:56]} {[%emt 00:04:57]} Rfc8 {[%emt 00:15:32]} 22. Bd2 {[%clk 00:39:30]}
c5 {[%clk 00:38:13]} {[%emt 00:04:09]} 23. Nb5 {[%clk 00:38:28]} {[%emt
00:01:33]} Rab8 {[%clk 00:37:35]} {[%emt 00:01:07]} 24. Rxb8 {[%clk 00:38:05]}
{[%emt 00:00:54]} Rxb8 {[%clk 00:37:58]} {[%emt 00:00:06]} 25. Bxe4 {[%clk
00:35:30]} {[%emt 00:03:06]} fxe4 {[%clk 00:36:20]} {[%emt 00:02:08]} 26. Bc3
{[%clk 00:31:27]} {[%emt 00:04:34]} d5 {[%clk 00:28:07]} {[%emt 00:08:42]} 27.
Bxg7 {[%clk 00:28:49]} {[%emt 00:03:08]} Qxg7 {[%clk 00:25:29]} {[%emt
00:03:07]} 28. Rd1 {[%clk 00:25:51]} {[%emt 00:03:28]} Bc6 {[%clk 00:18:31]}
{[%emt 00:07:28]} 29. Qa2 {[%clk 00:23:37]} {[%emt 00:02:44]} Kh8 {[%clk
00:15:24]} {[%emt 00:03:36]} 30. Qa7 {[%clk 00:22:26]} {[%emt 00:01:42]} Qf8
{[%clk 00:07:28]} {[%emt 00:08:25]} 31. Qc7 {[%clk 00:15:43]} {[%emt 00:07:13]}
Bxb5 {[%clk 00:03:33]} {[%emt 00:04:25]} 32. Qe5+ {[%clk 00:15:43]} {[%emt
00:00:30]} Kg8 {[%clk 00:03:42]} {[%emt 00:00:22]} 33. Qxd5+ {[%clk 00:15:56]}
{[%emt 00:00:17]} Qf7 {[%clk 00:02:56]} {[%emt 00:01:15]} 34. Qxf7+ {[%clk
00:14:44]} {[%emt 00:01:42]} Kxf7 {[%clk 00:03:21]} {[%emt 00:00:05]} 35. Rb1
{[%clk 00:15:08]} {[%emt 00:00:07]} Ke6 {[%clk 00:02:32]} {[%emt 00:01:18]} 36.
Rxb5 {[%clk 00:14:03]} {[%emt 00:01:35]} Rc8 {[%clk 00:02:13]} {[%emt
00:00:49]} 37. g4 {[%clk 00:13:41]} {[%emt 00:00:52]} h5 {[%clk 00:01:57]}
{[%emt 00:00:46]} 38. Rb6+ {[%clk 00:13:30]} {[%emt 00:00:42]} Kf7 {[%clk
00:02:21]} {[%emt 00:00:07]} 39. gxh5 {[%clk 00:13:27]} {[%emt 00:00:32]} gxh5
{[%emt 00:00:05]} 40. Rh6 {[%clk 00:13:41]} {[%emt 00:00:15]} Ra8 {[%clk
00:02:36]} {[%emt 00:00:42]} 41. Rxh5 {[%clk 00:13:28]} {[%emt 00:00:42]} Ra1+
{[%clk 00:03:00]} {[%emt 00:00:07]} 42. Kg2 {[%clk 00:13:35]} {[%emt 00:00:22]}
Ra2+ {[%clk 00:03:17]} {[%emt 00:00:14]} 43. Kg3 {[%clk 00:13:56]} {[%emt
00:00:08]} Re2 {[%clk 00:03:39]} {[%emt 00:00:08]} 44. Rxc5 {[%clk 00:13:40]}
{[%emt 00:00:46]} Rxe3+ {[%clk 00:04:03]} {[%emt 00:00:06]} 45. Kg4 {[%clk
00:13:45]} {[%emt 00:00:24]} Re2 {[%clk 00:03:50]} {[%emt 00:00:44]} 46. Re5
{[%clk 00:11:57]} {[%emt 00:02:18]} e3 {[%clk 00:03:40]} {[%emt 00:00:41]} 47.
Kf3 {[%clk 00:10:49]} {[%emt 00:01:37]} Rc2 {[%clk 00:03:52]} {[%emt 00:00:18]}
48. Kxe3 {[%clk 00:10:44]} {[%emt 00:00:36]} Rxc4 {[%clk 00:04:14]} {[%emt
00:00:08]} 49. h4 {[%clk 00:10:39]} {[%emt 00:00:33]} Rc3+ {[%clk 00:04:13]}
{[%emt 00:00:32]} 50. Ke4 {[%clk 00:10:48]} {[%emt 00:00:21]} Rh3 {[%clk
00:04:37]} {[%emt 00:00:06]} 51. h5 {[%clk 00:10:59]} {[%emt 00:00:18]} Rh1
{[%clk 00:03:57]} {[%emt 00:01:11]} 52. Ra5 {[%clk 00:10:39]} {[%emt 00:00:49]}
Kf6 {[%clk 00:04:01]} {[%emt 00:00:27]} 53. Ra6+ {[%clk 00:09:42]} {[%emt
00:01:27]} Kf7 {[%clk 00:04:23]} {[%emt 00:00:07]} 54. h6 {[%clk 00:09:58]}
{[%emt 00:00:15]} Rh5 {[%clk 00:03:45]} {[%emt 00:01:07]} 55. Ra7+ {[%clk
00:08:21]} {[%emt 00:02:08]} Kg8 {[%clk 00:04:00]} {[%emt 00:00:15]} 56. h7+
{[%clk 00:08:34]} {[%emt 00:00:18]} Kh8 {[%clk 00:04:24]} {[%emt 00:00:05]} 57.
Ra3 {[%clk 00:08:02]} {[%emt 00:01:02]} Kg7 {[%clk 00:03:47]} {[%emt 00:01:07]}
58. f5 {[%clk 00:07:38]} {[%emt 00:00:55]} Rh1 {[%clk 00:03:40]} {[%emt
00:00:37]} 59. Rg3+ {[%clk 00:07:45]} {[%emt 00:00:23]} Kf7 {[%clk 00:03:44]}
{[%emt 00:00:26]} 60. Ra3 {[%clk 00:07:00]} {[%emt 00:01:15]} Re1+ {[%clk
00:03:50]} {[%emt 00:00:24]} 61. Kf3 {[%clk 00:07:11]} {[%emt 00:00:18]} Rh1
{[%clk 00:04:05]} {[%emt 00:00:15]} 62. Ra7+ {[%clk 00:07:14]} {[%emt
00:00:28]} Kf6 {[%clk 00:04:24]} {[%emt 00:00:12]} 63. Kg2 {[%clk 00:05:53]}
{[%emt 00:01:50]} Rh5 {[%clk 00:04:45]} {[%emt 00:00:08]} 64. Ra6+ {[%clk
00:05:56]} {[%emt 00:00:27]} Kg7 {[%clk 00:04:39]} {[%emt 00:00:36]} 65. Ra5
{[%clk 00:02:39]} {[%emt 00:03:48]} Kxh7 {[%clk 00:04:31]} {[%emt 00:00:38]} 66.
Kg3 {[%clk 00:02:55]} {[%emt 00:00:14]} Rh1 {[%clk 00:04:25]} {[%emt 00:00:37]}
67. Kf4 {[%clk 00:03:07]} {[%emt 00:00:17]} Kg7 {[%clk 00:04:24]} {[%emt
00:00:32]} 68. Ra7+ {[%clk 00:03:15]} {[%emt 00:00:21]} Kf6 {[%clk 00:04:36]}
{[%emt 00:00:18]} 69. Ra6+ {[%clk 00:02:49]} {[%emt 00:00:57]}  1/2-1/2